[Event "ESP-ch U18 Rapid"]
[Site "Salobrena"]
[Date "2022.08.07"]
[Round "7"]
[White "Martin Ramos, Hector"]
[Black "Reboredo Martinez, Claudio"]
[Result "1-0"]
[WhiteElo "1614"]
[BlackElo "1742"]
[PlyCount "103"]
[EventDate "2022.08.06"]
[EventType "swiss (rapid)"]
[EventRounds "9"]
[EventCountry "ESP"]
[SourceTitle "EXT 2023"]
[Source "ChessBase"]
[SourceDate "2022.10.05"]
[SourceVersion "1"]
[SourceVersionDate "2022.10.05"]
[SourceQuality "1"]

1. e4 c5 2. Nf3 d6 3. c3 Nf6 4. Be2 Nc6 5. d4 cxd4 6. cxd4 e6 7. Nc3 Be7 8. 0-0 0-0 9. h3 Re8 10. Be3 Bf8 11. Rb1 a6 12. a4 Bd7 13. b4 Rc8 14. Qd2 Ne7 15. Rfc1 d5 16. e5 Ne4 17. Nxe4 Rxc1+ 18. Rxc1 dxe4 19. Ng5 Nf5 20. Nxe4 Bxa4 21. Bf3 Bc6 22. g4 Nxe3 23. fxe3 Qh4 24. Kg2 h5 25. Rh1 Bd5 26. Ng3 Bxf3+ 27. Kxf3 f6 28. Nxh5 fxe5 29. dxe5 Be7 30. Qc2 Bxb4 31. Qg6 Rf8+ 32. Ke4 Rf7 33. Rf1 Qe7 34. Nf6+ Kf8 35. Qh7 Rxf6 36. exf6 gxf6 37. Qh8+ Kf7 38. Qh7+ Kf8 39. Qxe7+ Kxe7 40. h4 Kf7 41. g5 f5+ 42. Ke5 Bc3+ 43. Kd6 b5 44. e4 Kg6 45. e5 b4 46. Kxe6 b3 47. Kd5 b2 48. e6 Bb4 49. Kc4 Bf8 50. Kb3 Kh5 51. Kxb2 Kxh4 52. Rxf5 1-0

[Event "ESP-ch U18 Rapid"]
[Site "Salobrena"]
[Date "2022.08.07"]
[Round "9"]
[White "Perez Garcia, Jimena"]
[Black "Reboredo Martinez, Claudio"]
[Result "1-0"]
[WhiteElo "1570"]
[BlackElo "1742"]
[PlyCount "113"]
[EventDate "2022.08.06"]
[EventType "swiss (rapid)"]
[EventRounds "9"]
[EventCountry "ESP"]
[SourceTitle "EXT 2023"]
[Source "ChessBase"]
[SourceDate "2022.10.05"]
[SourceVersion "1"]
[SourceVersionDate "2022.10.05"]
[SourceQuality "1"]

1. d4 Nf6 2. c4 e6 3. Nc3 Bb4 4. Qc2 0-0 5. a3 Bxc3+ 6. Qxc3 d6 7. Bg5 Nbd7 8. e3 b6 9. Ne2 Bb7 10. Qc2 c5 11. Rd1 Qc7 12. Nc3 cxd4 13. Rxd4 d5 14. cxd5 Nxd5 15. Bd3 h6 16. Nxd5 Qxc2 17. Ne7+ Kh8 18. Bxc2 hxg5 19. Rxd7 Bxg2 20. Rg1 Bf3 21. Rxg5 Rfd8 22. Rg3 Bh5 23. Rxd8+ Rxd8 24. Nc6 Rc8 25. Be4 Rc7 26. Rh3 g6 27. Bf3 Kg7 28. Bxh5 gxh5 29. Nd4 Kg6 30. Kd2 e5 31. Rg3+ Kf6 32. Nb5 Rd7+ 33. Ke2 a6 34. Nc3 Rd8 35. Rg1 Ke6 36. Rd1 Rg8 37. Kf3 f5 38. Na4 e4+ 39. Ke2 Rg2 40. Nxb6 Rxh2 41. Rg1 h4 42. Na4 Kd5 43. b3 h3 44. Kf1 Ke5 45. Nc3 f4 46. exf4+ Kxf4 47. Ne2+ Kf5 48. b4 e3 49. fxe3 Ke4 50. Ng3+ Kxe3 51. Rh1 Rf2+ 52. Ke1 h2 53. Nf1+ Kf3 54. Rxh2 Rxh2 55. Nxh2+ Ke3 56. Nf1+ Kd3 57. Nd2 1-0

[Event "ESP-ch U18"]
[Site "Salobrena"]
[Date "2022.08.05"]
[Round "8"]
[White "Revaliente Montoya, Ciro"]
[Black "Reboredo Martinez, Claudio"]
[Result "1-0"]
[WhiteElo "2163"]
[BlackElo "1988"]
[PlyCount "57"]
[EventDate "2022.08.01"]
[EventType "swiss"]
[EventRounds "9"]
[EventCountry "ESP"]
[SourceTitle "EXT 2023"]
[Source "ChessBase"]
[SourceDate "2022.10.05"]
[SourceVersion "1"]
[SourceVersionDate "2022.10.05"]
[SourceQuality "1"]

1. e4 d5 2. exd5 Nf6 3. Be2 Nxd5 4. d4 e6 5. c4 Nf6 6. Nc3 Be7 7. Nf3 0-0 8. 0-0 Nbd7 9. Bf4 c6 10. Qc2 a6 11. Rfd1 b5 12. Ne5 Bb7 13. Bf3 Qc8 14. c5 b4 15. Na4 Nxe5 16. dxe5 Nd7 17. Rd4 a5 18. Rad1 Rd8 19. Qd2 Nf8 20. Nb6 Qb8 21. Rxd8 Qxd8 22. Qe3 Qb8 23. Nxa8 Bxa8 24. Bg5 f6 25. exf6 gxf6 26. Bh6 Qe8 27. Bxf8 Bxf8 28. Bg4 Kf7 29. Bh5+ 1-0

[Event "Galicia-ch U18"]
[Site "Padron"]
[Date "2022.02.27"]
[Round "4"]
[White "Perez Sousa, Xabier"]
[Black "Reboredo Martinez, Claudio"]
[Result "1/2-1/2"]
[WhiteElo "1849"]
[BlackElo "1862"]
[PlyCount "105"]
[EventDate "2022.02.26"]
[EventType "swiss"]
[EventRounds "8"]
[EventCountry "ESP"]
[SourceTitle "EXT 2023"]
[Source "ChessBase"]
[SourceDate "2022.10.05"]
[SourceVersion "1"]
[SourceVersionDate "2022.10.05"]
[SourceQuality "1"]

1. c4 e5 2. g3 Nf6 3. Bg2 d5 4. cxd5 Nxd5 5. Nc3 Nb6 6. Nf3 Nc6 7. 0-0 Be7 8. d3 0-0 9. a3 a5 10. Rb1 Be6 11. Be3 f6 12. d4 exd4 13. Nxd4 Nxd4 14. Qxd4 Qxd4 15. Bxd4 Nc4 16. Nd5 Bd6 17. Rfd1 Rad8 18. Rbc1 b5 19. a4 c6 20. Nb6 c5 21. Nxc4 Bxc4 22. Be3 Bb3 23. Bd5+ Bxd5 24. Rxd5 bxa4 25. Rcd1 Be7 26. Bxc5 Rxd5 27. Rxd5 Bxc5 28. Rxc5 Rb8 29. Rxa5 Rxb2 30. Rxa4 Rxe2 31. Ra7 h6 32. Kg2 Kh7 33. Kf3 Re5 34. h4 h5 35. Ra4 Kg6 36. Ra6 Kf5 37. Ra8 Rb5 38. Rg8 g6 39. Rf8 Rb3+ 40. Kg2 Ra3 41. Rh8 Ra7 42. Rf8 Rb7 43. Kf3 Rc7 44. Kg2 Rc3 45. Rf7 Rc8 46. Kf3 Rc6 47. Rf8 Ke6 48. Rg8 Kf7 49. Ra8 f5 50. Ra3 Kf6 51. Re3 Rc4 52. Ra3 Rc6 53. Re3 1/2-1/2

[Event "Galicia-ch U18"]
[Site "Padron"]
[Date "2022.02.27"]
[Round "3"]
[White "Reboredo Martinez, Claudio"]
[Black "Lopez Varela, Pablo"]
[Result "1/2-1/2"]
[WhiteElo "1862"]
[BlackElo "2243"]
[PlyCount "107"]
[EventDate "2022.02.26"]
[EventType "swiss"]
[EventRounds "8"]
[EventCountry "ESP"]
[SourceTitle "EXT 2023"]
[Source "ChessBase"]
[SourceDate "2022.10.05"]
[SourceVersion "1"]
[SourceVersionDate "2022.10.05"]
[SourceQuality "1"]

1. e4 d6 2. d4 Nf6 3. Nc3 e5 4. Nf3 Nbd7 5. Bc4 Be7 6. 0-0 0-0 7. a4 c6 8. Re1 h6 9. b3 Re8 10. Ba3 Qc7 11. Qd2 Nf8 12. h3 Be6 13. d5 Bc8 14. dxc6 bxc6 15. Rad1 Rd8 16. Re3 Ng6 17. Rd3 Ne8 18. Ne2 Bb7 19. a5 a6 20. Qc3 Nf6 21. Ng3 d5 22. Bxe7 Qxe7 23. Nf5 Qc7 24. Bxd5 Rac8 25. Bc4 Nxe4 26. Rxd8+ Rxd8 27. Rxd8+ Qxd8 28. Qd3 Qxd3 29. cxd3 Nc3 30. Nd6 Ba8 31. Bxa6 Kf8 32. Nc4 c5 33. Nfxe5 Nxe5 34. Nxe5 Ke7 35. Bc4 f6 36. Ng4 f5 37. Ne3 Kf6 38. f3 f4 39. Ng4+ Kf5 40. Nf2 Ke5 41. Ne4 Kd4 42. a6 g5 43. Nd6 Ke3 44. Nf5+ Kd2 45. Nxh6 Ke1 46. Kh2 Ne2 47. h4 gxh4 48. Nf5 Kf2 49. Nxh4 Bc6 50. Be6 Nd4 51. Bc8 Nxb3 52. Bb7 Bd7 53. a7 Nd2 54. a8Q 1/2-1/2

[Event "ESP-ch U18"]
[Site "Salobrena"]
[Date "2021.07.30"]
[Round "8"]
[White "Reboredo Martinez, Claudio"]
[Black "Briand Rosas, Clara Helena"]
[Result "0-1"]
[WhiteElo "1868"]
[BlackElo "1968"]
[PlyCount "123"]
[EventDate "2021.07.26"]
[EventType "swiss"]
[EventRounds "9"]
[EventCountry "ESP"]
[SourceTitle "CBM 203 Extra"]
[Source "ChessBase"]
[SourceDate "2021.09.30"]
[SourceVersion "1"]
[SourceVersionDate "2021.09.30"]
[SourceQuality "1"]

1. e4 e5 2. Nf3 Nc6 3. Bc4 Nf6 4. Ng5 d5 5. exd5 Na5 6. Bb5+ c6 7. dxc6 bxc6 8. Bd3 Nd5 9. Nf3 Bd6 10. 0-0 Nf4 11. Nc3 Nxd3 12. cxd3 0-0 13. Re1 Re8 14. Ne4 c5 15. b3 Ba6 16. Qc2 Rc8 17. Ba3 Nb7 18. Qc3 f6 19. Nxd6 Qxd6 20. b4 cxb4 21. Qb3+ Kh8 22. Bxb4 Qxd3 23. Re3 Qb5 24. Nh4 Rc4 25. Ng6+ hxg6 26. Rh3+ Kg8 27. d3 Qxb4 28. dxc4 Qxc4 29. Rc3 Qxb3 30. axb3 Re6 31. Rc8+ Kh7 32. Rc7 Rb6 33. h3 Bd3 34. Rxa7 Be4 35. f3 Bd5 36. b4 Rxb4 37. Rd7 Bc6 38. Rc7 Bd5 39. Rd7 Rd4 40. Rxd5 Rxd5 41. Rxb7 g5 42. Rb2 f5 43. Kf2 Rd6 44. Rb5 Re6 45. Ke3 Kg6 46. g4 Kf6 47. Rb8 f4+ 48. Ke4 Ra6 49. Rf8+ Kg6 50. Kxe5 Ra3 51. h4 Re3+ 52. Kd4 gxh4 53. Rxf4 h3 54. Rf5 h2 55. Rh5 Rxf3 56. Rxh2 Kg5 57. Ke4 Rf7 58. Rg2 g6 59. Ke3 Kh4 60. Rg1 g5 61. Ke2 Rf4 62. Rf1 0-1

[Event "ESP-ch U18"]
[Site "Salobrena"]
[Date "2021.07.29"]
[Round "6"]
[White "Reboredo Martinez, Claudio"]
[Black "Perez Guerra, Raul"]
[Result "0-1"]
[WhiteElo "1868"]
[BlackElo "2205"]
[PlyCount "103"]
[EventDate "2021.07.26"]
[EventType "swiss"]
[EventRounds "9"]
[EventCountry "ESP"]
[SourceTitle "CBM 203 Extra"]
[Source "ChessBase"]
[SourceDate "2021.09.30"]
[SourceVersion "1"]
[SourceVersionDate "2021.09.30"]
[SourceQuality "1"]

1. e4 e6 2. Nf3 d5 3. Nc3 Nf6 4. e5 Nfd7 5. d4 c5 6. dxc5 Be7 7. Be2 Nc6 8. Bf4 Nxc5 9. 0-0 0-0 10. Re1 f6 11. Qd2 Qb6 12. Bf1 f5 13. Nd4 Ne4 14. Nxe4 fxe4 15. Nb3 Bd7 16. c4 Bb4 17. Qe3 Bxe1 18. Rxe1 Qxe3 19. fxe3 b6 20. Rd1 Ne7 21. Bg5 Rae8 22. Be2 h6 23. Bh4 Ba4 24. Bxe7 Rxe7 25. cxd5 exd5 26. Rxd5 Bxb3 27. axb3 Rfe8 28. Bc4 Kh8 29. e6 Rxe6 30. Rd4 R6e7 31. Bb5 Rc8 32. Bc4 g6 33. Kf2 Kg7 34. Kg3 g5 35. Kg4 Rf8 36. Kh5 Rf6 37. Rd8 a5 38. Rd5 Rc7 39. Rd8 Rf2 40. Rg8+ Kh7 41. Rg6 Rxg2 42. Rxh6+ Kg7 43. Rg6+ Kh8 44. Rxb6 Rh7+ 45. Kg6 Rg7+ 46. Kf5 Rxh2 47. Rb8+ Kh7 48. Bd5 g4 49. Bxe4 Rf2+ 50. Ke5+ Kh6 51. Bf5 g3 52. Kd4 0-1

[Event "ESP-ch U18"]
[Site "Salobrena"]
[Date "2021.07.26"]
[Round "2"]
[White "Reboredo Martinez, Claudio"]
[Black "Fernandez Garcia, Gumersindo"]
[Result "1/2-1/2"]
[WhiteElo "1868"]
[BlackElo "2145"]
[PlyCount "93"]
[EventDate "2021.07.26"]
[EventType "swiss"]
[EventRounds "9"]
[EventCountry "ESP"]
[SourceTitle "CBM 203 Extra"]
[Source "ChessBase"]
[SourceDate "2021.09.30"]
[SourceVersion "1"]
[SourceVersionDate "2021.09.30"]
[SourceQuality "1"]

1. e4 c5 2. Nf3 Nc6 3. d4 cxd4 4. Nxd4 Nf6 5. Nc3 e6 6. Ndb5 Bb4 7. a3 Bxc3+ 8. Nxc3 d5 9. exd5 exd5 10. Bd3 0-0 11. 0-0 Bg4 12. f3 Be6 13. b4 Rc8 14. Bb2 a6 15. Kh1 Qc7 16. Ne2 Ne5 17. Nd4 Nc4 18. Bxc4 Qxc4 19. Re1 Rfe8 20. Qd3 Qxd3 21. cxd3 Nd7 22. h3 Nb6 23. Nxe6 fxe6 24. Rac1 Kf7 25. f4 Nd7 26. Kh2 g6 27. Kg3 Nb8 28. Rxc8 Rxc8 29. Rc1 Rxc1 30. Bxc1 Nc6 31. Bb2 Ke7 32. Kg4 Nd8 33. Bd4 Nf7 34. a4 Kd6 35. Bc5+ Kc6 36. Bd4 Kd6 37. Bc5+ Kd7 38. Bd4 Ke7 39. Bc5+ Kf6 40. Bd4+ e5 41. fxe5+ Ke6 42. Kf4 g5+ 43. Ke3 h5 44. g4 hxg4 45. hxg4 Nxe5 46. Bxe5 Kxe5 47. d4+ 1/2-1/2

[Event "ESP-ch U16"]
[Site "Salobrena"]
[Date "2020.08.14"]
[Round "8"]
[White "Reboredo Martinez, Claudio"]
[Black "Revaliente Montoya, Ciro"]
[Result "1/2-1/2"]
[WhiteElo "1835"]
[BlackElo "2185"]
[PlyCount "68"]
[EventDate "2020.08.10"]
[EventType "swiss"]
[EventRounds "9"]
[EventCountry "ESP"]
[SourceTitle "EXT 2021"]
[Source "ChessBase"]
[SourceDate "2020.10.23"]
[SourceVersion "1"]
[SourceVersionDate "2020.10.23"]
[SourceQuality "1"]

1. e4 c5 2. Nf3 Nc6 3. d4 cxd4 4. Nxd4 g6 5. Nc3 Bg7 6. Be3 Nf6 7. Bc4 0-0 8. Bb3 Re8 9. 0-0 d6 10. f3 Bd7 11. Nd5 Na5 12. c3 Rc8 13. Qd3 Nxd5 14. exd5 Qc7 15. Nb5 Bxb5 16. Qxb5 a6 17. Qb6 Qxb6 18. Bxb6 Nxb3 19. axb3 e6 20. dxe6 fxe6 21. Rad1 d5 22. f4 Rc6 23. Bd4 Bxd4+ 24. Rxd4 Rb6 25. b4 a5 26. bxa5 Rxb2 27. Re1 Rc8 28. Rxe6 Rxc3 29. Re1 Rcc2 30. Rxd5 Rxg2+ 31. Kh1 Rxh2+ 32. Kg1 Rbg2+ 33. Kf1 Rf2+ 34. Kg1 Rhg2+ 1/2-1/2

[Event "ESP-ch U16"]
[Site "Salobrena"]
[Date "2020.08.14"]
[Round "7"]
[White "Ruiz Buendia, Miguel"]
[Black "Reboredo Martinez, Claudio"]
[Result "1/2-1/2"]
[WhiteElo "2044"]
[BlackElo "1835"]
[PlyCount "60"]
[EventDate "2020.08.10"]
[EventType "swiss"]
[EventRounds "9"]
[EventCountry "ESP"]
[SourceTitle "EXT 2021"]
[Source "ChessBase"]
[SourceDate "2020.10.23"]
[SourceVersion "1"]
[SourceVersionDate "2020.10.23"]
[SourceQuality "1"]

1. e4 c5 2. Nf3 d6 3. c3 Nf6 4. h3 Nc6 5. Bd3 e6 6. 0-0 Be7 7. Bc2 0-0 8. d4 cxd4 9. cxd4 e5 10. d5 Nb4 11. Bb3 Na6 12. Nfd2 Nc5 13. Bc2 a5 14. Qe2 b6 15. Re1 Ba6 16. Qe3 Nh5 17. g3 Bc8 18. Bd1 Bg5 19. Qf3 g6 20. Qg2 Nd3 21. Rf1 Nhf4 22. gxf4 Nxf4 23. Qf3 Nxh3+ 24. Kh1 Bf4 25. Qg2 Qh4 26. Nf3 Nxf2+ 27. Kg1 Nh3+ 28. Kh1 Nf2+ 29. Kg1 Nh3+ 30. Kh1 Nf2+ 1/2-1/2

[Event "ESP-ch U16"]
[Site "Salobrena"]
[Date "2020.08.12"]
[Round "4"]
[White "Reboredo Martinez, Claudio"]
[Black "Gomila Benejam, Doro"]
[Result "0-1"]
[WhiteElo "1835"]
[BlackElo "2018"]
[PlyCount "78"]
[EventDate "2020.08.10"]
[EventType "swiss"]
[EventRounds "9"]
[EventCountry "ESP"]
[SourceTitle "EXT 2021"]
[Source "ChessBase"]
[SourceDate "2020.10.23"]
[SourceVersion "1"]
[SourceVersionDate "2020.10.23"]
[SourceQuality "1"]

1. e4 e6 2. d4 d5 3. Nc3 Nf6 4. Bg5 dxe4 5. Nxe4 Be7 6. Bxf6 gxf6 7. Nf3 a6 8. Bd3 f5 9. Ng3 c5 10. dxc5 Qa5+ 11. c3 Qxc5 12. Qe2 b5 13. 0-0 h5 14. Nd4 h4 15. b4 Qc7 16. Ngxf5 exf5 17. Rfe1 Ra7 18. Bxb5+ axb5 19. Nxb5 Qb6 20. Nxa7 Qxa7 21. Qe5 Rg8 22. b5 Be6 23. a4 Qb7 24. f3 Nd7 25. Qf4 Qb6+ 26. Kh1 h3 27. g3 Qf2 28. Rg1 Bd6 29. Raf1 Qg2+ 30. Rxg2 hxg2+ 31. Kxg2 Bxf4 32. a5 Bd2 33. a6 Bxc3 34. Rc1 Ba5 35. Rc8+ Bd8 36. a7 Nb6 37. a8Q Nxa8 38. Rxa8 Kd7 39. b6 Kc6 0-1

[Event "ESP-ch U16"]
[Site "Salobrena"]
[Date "2020.08.10"]
[Round "2"]
[White "Reboredo Martinez, Claudio"]
[Black "Rodriguez Ferreiros, Andres"]
[Result "0-1"]
[WhiteElo "1835"]
[BlackElo "2053"]
[PlyCount "64"]
[EventDate "2020.08.10"]
[EventType "swiss"]
[EventRounds "9"]
[EventCountry "ESP"]
[SourceTitle "EXT 2021"]
[Source "ChessBase"]
[SourceDate "2020.10.23"]
[SourceVersion "1"]
[SourceVersionDate "2020.10.23"]
[SourceQuality "1"]

1. e4 c5 2. Nf3 Nc6 3. d4 cxd4 4. Nxd4 e5 5. Nb5 d6 6. g3 Nf6 7. Bg2 Bg4 8. Qd3 Rc8 9. c3 a6 10. N5a3 Be7 11. Bg5 b5 12. Bxf6 Bxf6 13. Nc2 Bg5 14. Nd2 Qb6 15. Nf1 Be6 16. Nfe3 0-0 17. Nd5 Qa7 18. Nce3 g6 19. h4 Bd8 20. Bh3 Qd7 21. Bxe6 fxe6 22. Nb4 Nxb4 23. cxb4 Bb6 24. 0-0 Bd4 25. Qe2 Qf7 26. Kg2 Rc6 27. Rac1 Rfc8 28. Rxc6 Rxc6 29. Rd1 h5 30. Rd2 Kg7 31. Qf3 Rc1 32. b3 Rg1+ 0-1

[Event "Galicia-ch U18"]
[Site "Padron"]
[Date "2020.02.23"]
[Round "3"]
[White "Reboredo Martinez, Claudio"]
[Black "Bastos Gonzalez, Gonzalo"]
[Result "0-1"]
[WhiteElo "1911"]
[BlackElo "1720"]
[PlyCount "89"]
[EventDate "2020.02.22"]
[EventType "swiss"]
[EventRounds "8"]
[EventCountry "ESP"]
[SourceTitle "EXT 2023"]
[Source "ChessBase"]
[SourceDate "2022.10.05"]
[SourceVersion "1"]
[SourceVersionDate "2022.10.05"]
[SourceQuality "1"]

1. e4 c5 2. Nf3 Nc6 3. d4 cxd4 4. Nxd4 Nf6 5. Nc3 e5 6. Ndb5 d6 7. Bg5 a6 8. Na3 b5 9. Bxf6 gxf6 10. Nd5 Bg7 11. g3 f5 12. Bg2 fxe4 13. Bxe4 Rb8 14. Qd3 Ne7 15. Ne3 0-0 16. Bxh7+ Kh8 17. Nf5 Nxf5 18. Bxf5 Bb7 19. g4 Qg5 20. Rg1 e4 21. Qb3 e3 22. Rg3 exf2+ 23. Kf1 Be5 24. Rh3+ Kg7 25. Rh5 Qf4 26. Rh7+ Kf6 27. Qh3 Ke7 28. Qh4+ Bf6 29. Qxf2 Qxf2+ 30. Kxf2 Bd4+ 31. Kf1 Bxb2 32. Re1+ Kf6 33. Rh6+ Kg7 34. Rh7+ Kf6 35. Rh6+ Kg5 36. Rh5+ Kf4 37. Nb1 Rh8 38. Bd3 Rxh5 39. gxh5 Rg8 40. h6 Bd4 41. h7 Rg1+ 42. Ke2 Rxe1+ 43. Kxe1 Ke3 44. Nd2 Bc3 45. Kf1 0-1

[Event "Galicia-ch U18"]
[Site "Padron"]
[Date "2020.02.22"]
[Round "2"]
[White "Quintas Fernandez, Paula"]
[Black "Reboredo Martinez, Claudio"]
[Result "1/2-1/2"]
[WhiteElo "1712"]
[BlackElo "1911"]
[PlyCount "66"]
[EventDate "2020.02.22"]
[EventType "swiss"]
[EventRounds "8"]
[EventCountry "ESP"]
[SourceTitle "EXT 2023"]
[Source "ChessBase"]
[SourceDate "2022.10.05"]
[SourceVersion "1"]
[SourceVersionDate "2022.10.05"]
[SourceQuality "1"]

1. e4 c5 2. Nf3 d6 3. d4 cxd4 4. Nxd4 Nf6 5. Nc3 a6 6. Be2 e5 7. Nb3 Be7 8. 0-0 0-0 9. Be3 b5 10. a3 Nbd7 11. f4 Bb7 12. Bf3 Nb6 13. Na5 Qc7 14. Nxb7 Qxb7 15. fxe5 dxe5 16. Bxb6 Qxb6+ 17. Kh1 Rad8 18. Qe2 Rd4 19. Qf2 Qc5 20. Rae1 Rfd8 21. Nd5 Nxd5 22. exd5 Rc4 23. Qxc5 Rxc5 24. c3 Bd6 25. Be4 a5 26. Rf3 Rb8 27. Ref1 f6 28. Bf5 b4 29. Be6+ Kf8 30. axb4 axb4 31. cxb4 Rxb4 32. R3f2 Rcb5 33. Rb1 Ke7 1/2-1/2

[Event "Pontevedra op 7th"]
[Site "Pontevedra"]
[Date "2019.08.12"]
[Round "7"]
[White "Reboredo Martinez, Claudio"]
[Black "Gonzalez Eiris, Daniel"]
[Result "0-1"]
[WhiteElo "1931"]
[BlackElo "1977"]
[PlyCount "106"]
[EventDate "2019.08.08"]
[EventType "swiss"]
[EventRounds "9"]
[EventCountry "ESP"]
[SourceTitle "EXT 2020"]
[Source "ChessBase"]
[SourceDate "2019.10.17"]
[SourceVersion "1"]
[SourceVersionDate "2019.10.17"]
[SourceQuality "1"]

1. e4 c5 2. Nf3 d6 3. d4 cxd4 4. Nxd4 Nf6 5. Nc3 a6 6. f3 e5 7. Nb3 Be6 8. Be3 Be7 9. Nd5 Nxd5 10. exd5 Bf5 11. Qd2 0-0 12. Na5 b6 13. Nc4 Nd7 14. Be2 Bh4+ 15. g3 Be7 16. 0-0 Rc8 17. Rac1 Qc7 18. Qb4 b5 19. Na5 Bd8 20. Nc6 Nf6 21. c4 a5 22. Qxb5 Bd7 23. Bd1 Bxc6 24. Qxc6 Qxc6 25. dxc6 Rxc6 26. Ba4 Bb6 27. Bf2 Bxf2+ 28. Rxf2 Rc5 29. Rd2 d5 30. Bb3 Rfc8 31. Rcc2 d4 32. f4 Ne4 33. Rd1 f6 34. Re2 Nd6 35. Bc2 g6 36. b3 Kg7 37. Be4 Nf5 38. fxe5 fxe5 39. Kf2 Rb8 40. Bd5 Rf8 41. Bf3 Ne3 42. Rxe3 dxe3+ 43. Kxe3 a4 44. Rd7+ Rf7 45. Rxf7+ Kxf7 46. b4 Rc8 47. b5 Ke7 48. Bd5 Rb8 49. Ke4 Kd6 50. h4 Kc5 51. Kxe5 Rf8 52. Ke6 Rf2 53. Kd7 Rxa2 0-1

[Event "ESP-ch U18"]
[Site "Salobrena"]
[Date "2019.07.22"]
[Round "2"]
[White "Lianes Garcia, Marcos"]
[Black "Reboredo Martinez, Claudio"]
[Result "1-0"]
[WhiteElo "2346"]
[BlackElo "2040"]
[PlyCount "25"]
[EventDate "2019.07.22"]
[EventType "swiss"]
[EventRounds "9"]
[EventCountry "ESP"]
[SourceTitle "CBM 191 Extra"]
[Source "ChessBase"]
[SourceDate "2019.09.30"]
[SourceVersion "1"]
[SourceVersionDate "2019.09.30"]
[SourceQuality "1"]

1. e4 c5 2. Ne2 d6 3. g3 Nf6 4. Bg2 g6 5. c3 Bg7 6. d4 cxd4 7. cxd4 d5 8. e5 Ne4 9. f3 Qa5+ 10. Kf1 Nc6 11. fxe4 dxe4 12. Nbc3 Bf5 13. Qa4 1-0

[Event "Pontevedra op-B 6th"]
[Site "Pontevedra"]
[Date "2018.08.13"]
[Round "8"]
[White "Reboredo Martinez, Claudio"]
[Black "Grosse, Christian"]
[Result "0-1"]
[WhiteElo "1786"]
[BlackElo "1919"]
[PlyCount "60"]
[EventDate "2018.08.08"]
[EventType "swiss"]
[EventRounds "9"]
[EventCountry "ESP"]
[SourceTitle "CBM 186 Extra"]
[Source "ChessBase"]
[SourceDate "2018.08.24"]
[SourceVersion "1"]
[SourceVersionDate "2018.08.24"]
[SourceQuality "1"]

1. e4 c5 2. Nf3 d6 3. d4 cxd4 4. Nxd4 Nf6 5. Nc3 a6 6. f3 e5 7. Nb3 Be6 8. Be3 Nbd7 9. Nd5 Nxd5 10. exd5 Bf5 11. c4 Be7 12. Qd2 h6 13. Na5 Qc7 14. b4 0-0 15. Be2 Bh7 16. 0-0 f5 17. Rac1 f4 18. Bf2 Bg5 19. Bd3 e4 20. Bxe4 Bxe4 21. fxe4 Ne5 22. Bd4 f3 23. Be3 Bxe3+ 24. Qxe3 Ng4 25. Qc3 f2+ 26. Kh1 Qe7 27. h3 Qh4 28. Nxb7 Rf6 29. c5 Raf8 30. Rcd1 Rf3 0-1

[Event "Sanxenxo Carlos op 10th"]
[Site "Sanxenxo"]
[Date "2018.06.16"]
[Round "1"]
[White "Suarez Gomez, Julio"]
[Black "Reboredo Martinez, Claudio"]
[Result "1-0"]
[WhiteElo "2487"]
[BlackElo "1845"]
[PlyCount "53"]
[EventDate "2018.06.16"]
[EventType "swiss"]
[EventRounds "9"]
[EventCountry "ESP"]
[SourceTitle "CBM 185 Extra"]
[Source "ChessBase"]
[SourceDate "2018.07.29"]
[SourceVersion "1"]
[SourceVersionDate "2018.07.29"]
[SourceQuality "1"]

1. d4 Nf6 2. Nf3 g6 3. c4 c5 4. Nc3 cxd4 5. Nxd4 Nc6 6. e4 d6 7. Be2 Bg7 8. Be3 0-0 9. 0-0 Bd7 10. h3 Nxd4 11. Bxd4 Bc6 12. Qc2 a5 13. Rad1 Nd7 14. Bxg7 Kxg7 15. Bg4 Qc7 16. Bxd7 Bxd7 17. Nd5 Qd8 18. Qc3+ Kg8 19. e5 Ra6 20. exd6 Rxd6 21. c5 Rc6 22. Nb6 Qxb6 23. cxb6 Rxc3 24. bxc3 Bc6 25. Rfe1 Rc8 26. Re5 a4 27. Ra5 1-0

[Event "Gallego-ch U14"]
[Site "Viveiro"]
[Date "2017.02.27"]
[Round "5"]
[White "Reboredo Martinez, Claudio"]
[Black "Fernandez Lopez, Pablo II"]
[Result "1/2-1/2"]
[WhiteElo "1690"]
[BlackElo "1774"]
[PlyCount "47"]
[EventDate "2017.02.25"]
[EventType "swiss"]
[EventRounds "8"]
[EventCountry "ESP"]
[SourceTitle "EXT 2024"]
[Source "ChessBase"]
[SourceDate "2023.10.10"]
[SourceVersion "1"]
[SourceVersionDate "2023.10.10"]
[SourceQuality "1"]

1. e4 c5 2. Nf3 d6 3. d4 cxd4 4. Nxd4 Nf6 5. Nc3 g6 6. Be3 Bg7 7. f3 0-0 8. Qd2 Nc6 9. Bc4 Bd7 10. 0-0-0 Rc8 11. Bb3 Nxd4 12. Bxd4 b5 13. h4 a5 14. h5 e6 15. e5 dxe5 16. Bxe5 a4 17. Qf4 axb3 18. axb3 Nxh5 19. Rxh5 gxh5 20. Rxd7 Qxd7 21. Bxg7 f6 22. Bxf6 Rxf6 23. Qxf6 Qf7 24. Qe5 1/2-1/2

[Event "Gallego-ch U14"]
[Site "Viveiro"]
[Date "2017.02.26"]
[Round "3"]
[White "Reboredo Martinez, Claudio"]
[Black "Conde Riveiro, Xacobe"]
[Result "1-0"]
[WhiteElo "1690"]
[BlackElo "1369"]
[PlyCount "41"]
[EventDate "2017.02.25"]
[EventType "swiss"]
[EventRounds "8"]
[EventCountry "ESP"]
[SourceTitle "EXT 2024"]
[Source "ChessBase"]
[SourceDate "2023.10.10"]
[SourceVersion "1"]
[SourceVersionDate "2023.10.10"]
[SourceQuality "1"]

1. e4 e6 2. d4 a6 3. Bd3 b5 4. Nf3 Bb7 5. 0-0 Nf6 6. Re1 c5 7. c3 cxd4 8. cxd4 Be7 9. a3 0-0 10. Nc3 Nc6 11. e5 Ne8 12. d5 exd5 13. Nxd5 Na5 14. Nxe7+ Qxe7 15. Bg5 Qe6 16. Nd4 Qb6 17. Be7 Nc7 18. Nf5 Rfe8 19. Bf6 Ne6 20. Nxg7 Nf4 21. Nxe8 1-0

[Event "ESP-ch U12"]
[Site "Granada"]
[Date "2016.07.07"]
[Round "6"]
[White "Reboredo Martinez, Claudio"]
[Black "Pedchenko Bondar, Alexandr"]
[Result "0-1"]
[WhiteElo "1431"]
[BlackElo "1716"]
[PlyCount "107"]
[EventDate "2016.07.04"]
[EventType "swiss"]
[EventRounds "9"]
[EventCountry "ESP"]
[SourceTitle "EXT 2024"]
[Source "ChessBase"]
[SourceDate "2023.10.10"]
[SourceVersion "1"]
[SourceVersionDate "2023.10.10"]
[SourceQuality "1"]

1. e4 g6 2. d4 Bg7 3. Nf3 d6 4. Nc3 Nf6 5. Be3 Nc6 6. Qd2 a6 7. Bh6 0-0 8. Bxg7 Kxg7 9. d5 Nb8 10. Bd3 Nbd7 11. Nd4 Nc5 12. f3 e5 13. Nb3 Nxb3 14. axb3 Nh5 15. 0-0-0 Bd7 16. Ne2 Qf6 17. h4 Nf4 18. Nxf4 exf4 19. Qc3 h5 20. Qxc7 Rfd8 21. Qc3 a5 22. Qxf6+ Kxf6 23. Kd2 b5 24. Ra1 Ra7 25. Ra2 Rda8 26. Rha1 Ke5 27. Re1 a4 28. Rea1 Ra5 29. bxa4 bxa4 30. Ra3 f6 31. b3 g5 32. bxa4 Rxa4 33. Rxa4 Rxa4 34. Rxa4 Bxa4 35. c3 gxh4 36. Ke2 Bd7 37. Kf2 h3 38. gxh3 Bxh3 39. Kg1 Bd7 40. Kh2 f5 41. exf5 Bxf5 42. Bc4 Bg6 43. Kh3 Bf7 44. Kh4 Bxd5 45. Bxd5 Kxd5 46. Kxh5 Kc4 47. Kg4 Kxc3 48. Kxf4 d5 49. Ke5 d4 50. f4 d3 51. f5 d2 52. f6 d1Q 53. f7 Qd8 54. Ke4 0-1